LEADER 05196nam 2200949 450 001 9910822969603321 005 20230807210117.0 010 $a0-520-28671-5 024 7 $a10.1525/9780520961807 035 $a(CKB)2670000000608264 035 $a(EBL)1882109 035 $a(SSID)ssj0001458130 035 $a(PQKBManifestationID)12540354 035 $a(PQKBTitleCode)TC0001458130 035 $a(PQKBWorkID)11451815 035 $a(PQKB)11435976 035 $a(MiAaPQ)EBC1882109 035 $a(DE-B1597)518769 035 $a(OCoLC)906699108 035 $a(DE-B1597)9780520961807 035 $a(Au-PeEL)EBL1882109 035 $a(CaPaEBR)ebr11041372 035 $a(CaONFJC)MIL763353 035 $a(EXLCZ)992670000000608264 100 $a20150416h20152015 uy 0 101 0 $aeng 135 $aur|nu---|u||u 181 $ctxt 182 $cc 183 $acr 200 00$aBiodiversity in a changing climate $elinking science and management in conservation /$fedited by Terry L. Root [and three others] 210 1$aOakland, California :$cUniversity of California Press,$d2015. 210 4$dİ2015 215 $a1 online resource (244 p.) 300 $aDescription based upon print version of record. 311 $a0-520-27885-2 311 $a0-520-96180-3 320 $aIncludes bibliographical references at the end of each chapters and index. 327 $tFront matter --$tContents --$tList of Contributors --$tPreface --$tCHAPTER 1. A New Era for Ecologists: Incorporating Climate Change into Natural Resource Management --$tCHAPTER 2. Climate Change from the Globe to California --$tCHAPTER 3. Climatic Influences on Ecosystems --$tCHAPTER 4. Modeling Krill in the California Current: A 2005 Case Study --$tCHAPTER 5. Shifts in Marine Biogeographic Ranges --$tCHAPTER 6. Integrating Global Climate Change and Conservation: A Klamath River Case Study --$tCHAPTER 7. Pollinators and Meadow Restoration --$tCHAPTER 8. Elevational Shifts in Breeding Birds in the Southern California Desert Region --$tCHAPTER 9. Conserving California Grasslands into an Uncertain Future --$tCHAPTER 10. Species Invasions: Linking Changes in Plant Composition to changes in Climate --$tCHAPTER 11. Evolutionary Conservation under Climate Change --$tCHAPTER 12. Fossils Predict Biological Responses to Future Climate Change --$tCHAPTER 13. Historical Data on Species Occurrence: Bridging the Past to the Future --$tGlossary --$tINDEX --$tContributor Bios 330 $aOne major consequence of climate change is abrupt, dramatic changes in regional biodiversity. Even if the most optimistic scenarios for mitigating climate change transpire, the fate of many wild species rests on the shoulders of people engaged in conservation planning, management, and policy. Providing managers with the latest and most useful climate change research is critical and requires challenging the conventional divide between scientists and managers. Biodiversity in a Changing Climate promotes dialogue among scientists, decision makers, and managers who are grappling with climate-related threats to species and ecosystems in diverse forms. The book includes case studies and best practices used to address impacts related to climate change across a broad spectrum of species and habitats-from coastal krill and sea urchins to prairie grass and mountain bumblebees. Focused on California, the issues and strategies presented in this book will prove relevant to regions across the West, as well as other regions, and provide a framework for how scientists and managers in any region can bridge the communication divide to manage biodiversity in a rapidly changing world. Biodiversity and a Changing Climate will prove an indispensable guide to students, scientists, and professionals engaged in conservation and resource management. 606 $aBiodiversity$xClimatic factors$zCalifornia 606 $aBiodiversity conservation$zCalifornia 610 $aamerican west. 610 $aanimal preservation. 610 $aanimal species. 610 $abiodiversity. 610 $acalifornia. 610 $aclimate change. 610 $aclimatology. 610 $acoastal krill. 610 $aconservation science. 610 $aconservation. 610 $aearth sciences. 610 $aecology. 610 $aendangered animals. 610 $aenvironment. 610 $aglobal warming. 610 $ahabitats. 610 $alife sciences. 610 $amountain bumblebees. 610 $anature preserve. 610 $anature reserve. 610 $anature. 610 $anonfiction. 610 $aprairie grass. 610 $apreservation. 610 $apublic policy. 610 $aregional biodiversity. 610 $ascience. 610 $asea urchins. 610 $awild animals. 615 0$aBiodiversity$xClimatic factors 615 0$aBiodiversity conservation 676 $a577.2/209794 702 $aRoot$b Terry Louise 801 0$bMiAaPQ 801 1$bMiAaPQ 801 2$bMiAaPQ 906 $aBOOK 912 $a9910822969603321 996 $aBiodiversity in a changing climate$93954910 997 $aUNINA LEADER 01359nam0 22002891i 450 001 UON00012710 005 20231205101940.612 100 $a20020107d1972 |0itac50 ba 101 $aeng 102 $aUS 105 $a|||| 1|||| 200 1 $aAmerican-East Asian relations$ea survey$fed. by Ernest R. May and James C. Thomson Jr 210 $aCambridge$eMass.$cHarvard University Press$d1972 215 $axv,425 p.$d24 cm 410 1$1001UON00012952$12001 $aHarvard Studies in American-East Asian Relations$1210 $aCambridge$eMass.$cHarvard University Press$d1972- v. ; 25 cm$v1 606 $aESTREMO ORIENTE$xSTORIA$xSEC. XX$3UONC004042$2FI 620 $aUS$dCambridge (Mass.)$3UONL000262 686 $aEO IV$cESTREMO ORIENTE - STORIA$2A 702 1$aMay$bErnest R.$3UONV009814 702 1$aTHOMSON$bJames C.$cJr$3UONV009815 712 $aHarvard University Press$3UONV245793$4650 801 $aIT$bSOL$c20250425$gRICA 912 $aUON00012710 950 $aSIBA - SISTEMA BIBLIOTECARIO DI ATENEO$dSI EO IV 015 $eSI SA 38773 5 015 950 $aSIBA - SISTEMA BIBLIOTECARIO DI ATENEO$dSI A 0379 $eSI SC 4101 5 0379 996 $aAmerican-East Asian relations$91179686 997 $aUNIOR